Оптимизация синтеза 5-норборнен-2,3- дикарбоксимид-N-метил ацетата; Химия и химическая технология в XXI веке; Т. 2

ग्रंथसूची विवरण
Parent link:Химия и химическая технология в XXI веке: материалы XXII Международной научно-практической конференции студентов и молодых ученых имени выдающихся химиков Л. П. Кулёва и Н. М. Кижнера, посвященной 125-летию со дня основания Томского политехнического университета, Томск, 17-20 мая 2021 г./ Национальный исследовательский Томский политехнический университет (ТПУ) ; Инженерная школа природных ресурсов ; Исследовательская школа химических и биомедицинских технологий.— , 2021
Т. 2.— 2021.— [С. 278-279]
मुख्य लेखक: Чекменёва Д. В. Дарья Васильевна
निगमित लेखकों: Национальный исследовательский Томский политехнический университет Институт природных ресурсов Центр подготовки и переподготовки специалистов нефтегазового дела Лаборатория геологии месторождений нефти и газа, Национальный исследовательский Томский политехнический университет Исследовательская школа химических и биомедицинских технологий
अन्य लेखक: Смирнова Н. А. Наталья Александровна (научный руководитель), Ляпков А. А. Алексей Алексеевич
सारांश:Заглавие с титульного экрана
भाषा:रूसी
प्रकाशित: 2021
श्रृंखला:Химическая технология полимерных материалов
विषय:
ऑनलाइन पहुंच:http://earchive.tpu.ru/handle/11683/67634
स्वरूप: इलेक्ट्रोनिक पुस्तक अध्याय
KOHA link:https://koha.lib.tpu.ru/cgi-bin/koha/opac-detail.pl?biblionumber=632998

MARC

LEADER 00000naa2a2200000 4500
001 632998
005 20231101133735.0
035 |a (RuTPU)RU\TPU\conf\34720 
035 |a RU\TPU\conf\34719 
090 |a 632998 
100 |a 20210608d2021 k y0rusy50 ca 
101 0 |a rus 
102 |a RU 
105 |a y z 101zy 
135 |a drcn ---uucaa 
181 0 |a i  
182 0 |a b 
200 1 |a Оптимизация синтеза 5-норборнен-2,3- дикарбоксимид-N-метил ацетата  |f Д. В. Чекменёва, Н. А. Смирнова  |g науч. рук. А. А. Ляпков 
203 |a Текст  |c электронный 
225 1 |a Химическая технология полимерных материалов 
230 |a 1 компьютерный файл (pdf; 1 482 Kb) 
300 |a Заглавие с титульного экрана 
320 |a [Библиогр.: с. 279 (3 назв.)] 
461 1 |0 (RuTPU)RU\TPU\conf\34506  |t Химия и химическая технология в XXI веке  |o материалы XXII Международной научно-практической конференции студентов и молодых ученых имени выдающихся химиков Л. П. Кулёва и Н. М. Кижнера, посвященной 125-летию со дня основания Томского политехнического университета, Томск, 17-20 мая 2021 г.  |o в 2 т.  |f Национальный исследовательский Томский политехнический университет (ТПУ) ; Инженерная школа природных ресурсов ; Исследовательская школа химических и биомедицинских технологий  |d 2021 
463 1 |0 (RuTPU)RU\TPU\conf\34508  |t Т. 2  |v [С. 278-279]  |d 2021 
610 1 |a труды учёных ТПУ 
610 1 |a электронный ресурс 
610 1 |a оптимизация 
610 1 |a синтез 
610 1 |a мономеры 
610 1 |a полимеры 
610 1 |a растворители 
700 1 |a Чекменёва  |b Д. В.  |c химик-технолог  |c инженер-исследователь Томского политехнического университета  |f 1998-  |g Дарья Васильевна  |2 stltpush  |3 (RuTPU)RU\TPU\pers\46546 
701 1 |a Смирнова  |b Н. А.  |c химик-технолог  |c инженер Томского политехнического университета  |f 1990-  |g Наталья Александровна  |2 stltpush  |3 (RuTPU)RU\TPU\pers\41438 
702 1 |a Ляпков  |b А. А.  |c химик-технолог  |c доцент Томского политехнического университета, кандидат химических наук  |f 1958-  |g Алексей Алексеевич  |2 stltpush  |4 727 
712 0 2 |a Национальный исследовательский Томский политехнический университет  |b Институт природных ресурсов  |b Центр подготовки и переподготовки специалистов нефтегазового дела  |b Лаборатория геологии месторождений нефти и газа  |h 5263  |2 stltpush  |3 (RuTPU)RU\TPU\col\19125 
712 0 2 |a Национальный исследовательский Томский политехнический университет  |b Исследовательская школа химических и биомедицинских технологий  |c (2017- )  |h 8120  |2 stltpush  |3 (RuTPU)RU\TPU\col\23537 
801 2 |a RU  |b 63413507  |c 20210625  |g RCR 
856 4 |u http://earchive.tpu.ru/handle/11683/67634 
942 |c BK